00218nam a2200097Ia 4500008004100000082001600041100001800057245001500075260001800090600001200108241002s9999 xx 000 0 und d a943.086 ADO aAdolf, Hitler 0aMein kompf aLondon:c1969 aHistory